A commemoration of György Péczely late chairholder professor of the Department of Climatology, József Attila University at the 80th jubilee of his birth and the 25th jubilee of his death

Elmentve itt :
Bibliográfiai részletek
Szerzők: Makra László
Puskás T. Márta
Tanács Eszter
Dokumentumtípus: Cikk
Megjelent: 2009
Sorozat:Acta climatologica 42-43
Kulcsszavak:Tájökológia
Tárgyszavak:
Online Access:http://acta.bibl.u-szeged.hu/16922
LEADER 00920nab a2200229 i 4500
001 acta16922
005 20220510153143.0
008 161015s2009 hu o 0|| eng d
022 |a 0563-0614 
040 |a SZTE Egyetemi Kiadványok Repozitórium  |b hun 
041 |a eng 
100 1 |a Makra László 
245 1 2 |a A commemoration of György Péczely late chairholder professor of the Department of Climatology, József Attila University at the 80th jubilee of his birth and the 25th jubilee of his death  |h [elektronikus dokumentum] /  |c  Makra László 
260 |c 2009 
300 |a 79-95 
490 0 |a Acta climatologica  |v 42-43 
650 4 |a Természettudományok 
650 4 |a Föld- és kapcsolódó környezettudományok 
695 |a Tájökológia 
700 0 2 |a Puskás T. Márta  |e aut 
700 0 2 |a Tanács Eszter  |e aut 
856 4 0 |u http://acta.bibl.u-szeged.hu/16922/1/climatologica_042_043_079-095.pdf  |z Dokumentum-elérés